|
|
|
|
| LEADER |
00000nab a2200000 a 4500 |
| 001 |
vtls000908388 |
| 003 |
SK-MaSNL |
| 005 |
20260302172600.0 |
| 008 |
040720e20020115xo 0 slo |
| 035 |
|
|
|a KE17322
|
| 040 |
|
|
|a KEVKJB
|b slo
|c KEVKJB
|e AACR2
|
| 041 |
0 |
|
|a slo
|
| 044 |
|
|
|a xo
|c SK
|
| 080 |
|
|
|a 796.332
|2 1981
|
| 100 |
1 |
|
|a Gallo, Igor,
|d 1936-2019
|4 aut
|9 85732
|
| 245 |
1 |
0 |
|a Taliani chceli za tigrov dvadsať miliónov korún
|b Futbalový klub 1.FC Košice by mal opäť prejsť do košických rúk
|
| 300 |
|
|
|b 2 obr.
|
| 610 |
2 |
7 |
|a 1.FC Košice
|2 KEVKJB
|9 873226
|
| 610 |
2 |
7 |
|a nástupca VSS Košice
|2 KEVKJB
|9 873315
|
| 650 |
0 |
7 |
|a futbal
|2 KEVKJB
|9 3291
|
| 650 |
0 |
7 |
|a situácia súčasná
|2 KEVKJB
|9 878432
|
| 650 |
0 |
7 |
|a rozhovory
|2 KEVKJB
|9 453585
|
| 651 |
|
7 |
|a Košice (Slovensko)
|2 KEVKJB
|9 18694
|
| 651 |
|
7 |
|a KE,
|2 KEVKJB
|9 877256
|
| 655 |
|
7 |
|a periodikum
|2 snkbucl
|9 29553
|
| 700 |
1 |
0 |
|a Markovič, Vladimír
|4 aut
|9 463738
|
| 710 |
2 |
|
|a 1. FC Košice
|4 aut
|9 37362
|
| 773 |
0 |
8 |
|t Košický večer
|g Roč. 13
|g Roč. 34, č.10, 15.1.2002, s. 1,16
|
| 852 |
|
|
|a ZVYKNI
|b KIS3GCP
|
| 999 |
|
|
|c 1399165
|d 1401095
|